Nanofiller dispersal in rubber composites: A path to enhanced performance (Record no. 75120)

MARC details
000 -LEADER
fixed length control field 00407nam a22001457a 4500
100 ## - MAIN ENTRY--AUTHOR NAME
Personal name Choudhury, P.R
245 ## - TITLE STATEMENT
Title Nanofiller dispersal in rubber composites: A path to enhanced performance
260 ## - PUBLICATION, DISTRIBUTION, ETC. (IMPRINT)
Name of publisher Rubber India, LXXV (10): 2023.56-68.
300 ## - PHYSICAL DESCRIPTION
Other physical details October
650 ## - SUBJECT ADDED ENTRY--TOPICAL TERM
Topical Term Nanofiller
650 ## - SUBJECT ADDED ENTRY--TOPICAL TERM
Topical Term Nanocomposites
650 ## - SUBJECT ADDED ENTRY--TOPICAL TERM
Topical Term Dry rubber mixing method
650 ## - SUBJECT ADDED ENTRY--TOPICAL TERM
Topical Term Latex mixing method
942 ## - ADDED ENTRY ELEMENTS (KOHA)
Koha item type Journals
Holdings
Withdrawn status Lost status Damaged status Not for loan Home library Current library Date acquired Koha item type
        RRII Library RRII Library 20/11/2023 Journals